[Event "Moscow op-B"]
[Site "Moscow"]
[Date "2009.11.20"]
[Round "1"]
[White "Golynsky, Yuri"]
[Black "Komov, Sergey"]
[Result "1-0"]
[WhiteElo "2164"]
[BlackElo "1809"]
[PlyCount "39"]
[EventDate "2009.01.31"]
[EventType "swiss"]
[EventRounds "9"]
[EventCountry "RUS"]
[SourceTitle "EXT 2012"]
[Source "ChessBase"]
[SourceDate "2011.11.24"]
[SourceVersion "1"]
[SourceVersionDate "2011.11.24"]
[SourceQuality "1"]

1. e4 e5 2. Nf3 Nc6 3. Bc4 Bc5 4. 0-0 Nf6 5. c3 0-0 6. d4 exd4 7. cxd4 Bb6 8. d5 Ne7 9. e5 Ne8 10. d6 cxd6 11. exd6 Ng6 12. Bg5 Nf6 13. Qd3 Bc5 14. Nc3 Qb6 15. Bxf6 gxf6 16. Ne4 Kg7 17. Qc3 Ne5 18. Nxe5 Bd4 19. Qg3+ Kh8 20. Nxf7+ 1-0

[Event "Moscow op-B"]
[Site "Moscow"]
[Date "2009.02.06"]
[Round "7"]
[White "Sokolov, Boris"]
[Black "Komov, Sergey"]
[Result "1-0"]
[WhiteElo "2015"]
[BlackElo "1809"]
[PlyCount "62"]
[EventDate "2009.01.31"]
[EventType "swiss"]
[EventRounds "9"]
[EventCountry "RUS"]
[SourceTitle "EXT 2012"]
[Source "ChessBase"]
[SourceDate "2011.11.24"]
[SourceVersion "1"]
[SourceVersionDate "2011.11.24"]
[SourceQuality "1"]

1. e4 c5 2. Nf3 Nc6 3. c4 e6 4. Nc3 d6 5. d3 Qc7 6. g3 Nge7 7. Bg2 Ng6 8. Be3 Be7 9. Qd2 0-0 10. h4 a6 11. h5 Nge5 12. Nxe5 dxe5 13. Qe2 Nd4 14. Bxd4 cxd4 15. Nb1 Bb4+ 16. Kf1 Bd7 17. Nd2 b5 18. Bf3 Bxd2 19. Qxd2 bxc4 20. Rc1 Bb5 21. dxc4 Bc6 22. Rh4 Qb7 23. Re1 Rad8 24. b4 d3 25. Rg4 f6 26. Kg1 Rd4 27. h6 g6 28. a3 Qf7 29. Bd1 f5 30. Rg5 f4 31. Rxe5 Bxe4 1-0

[Event "Moscow op-B"]
[Site "Moscow"]
[Date "2009.02.05"]
[Round "6"]
[White "Komov, Sergey"]
[Black "Subbotin, Andrey"]
[Result "0-1"]
[WhiteElo "1809"]
[BlackElo "2043"]
[PlyCount "74"]
[EventDate "2009.01.31"]
[EventType "swiss"]
[EventRounds "9"]
[EventCountry "RUS"]
[SourceTitle "EXT 2012"]
[Source "ChessBase"]
[SourceDate "2011.11.24"]
[SourceVersion "1"]
[SourceVersionDate "2011.11.24"]
[SourceQuality "1"]

1. e4 c5 2. Nf3 Nc6 3. d4 cxd4 4. Nxd4 Nf6 5. Nc3 g6 6. Be3 Bg7 7. Be2 0-0 8. Qd2 d5 9. f3 e5 10. Nxc6 bxc6 11. Bc5 Re8 12. 0-0-0 Qa5 13. Ba3 Be6 14. exd5 cxd5 15. Nb1 Qc7 16. Bd3 e4 17. Bb5 Rac8 18. Nc3 exf3 19. gxf3 d4 20. Ne2 Ne4 21. fxe4 Bh6 22. Nxd4 Bxd2+ 23. Rxd2 Rcd8 24. b3 Qf4 25. Bb2 Rd6 26. Bd3 Red8 27. Rf1 Qe3 28. Rf3 Qg1+ 29. Rf1 Qg5 30. Nf3 Qa5 31. a3 Bxb3 32. Ne5 Be6 33. Rdf2 Qc7 34. Kb1 Rb6 35. Nxf7 Bxf7 36. Rxf7 Qc3 37. Kc1 Rxb2 0-1

[Event "Moscow op-B"]
[Site "Moscow"]
[Date "2009.02.03"]
[Round "4"]
[White "Komov, Sergey"]
[Black "Yusubov, Timur"]
[Result "1-0"]
[WhiteElo "1809"]
[BlackElo "2023"]
[PlyCount "63"]
[EventDate "2009.01.31"]
[EventType "swiss"]
[EventRounds "9"]
[EventCountry "RUS"]
[SourceTitle "EXT 2012"]
[Source "ChessBase"]
[SourceDate "2011.11.24"]
[SourceVersion "1"]
[SourceVersionDate "2011.11.24"]
[SourceQuality "1"]

1. e4 c6 2. d4 d5 3. Nc3 dxe4 4. Nxe4 Nf6 5. Nxf6+ gxf6 6. Ne2 Bg4 7. f3 Bh5 8. Nf4 Bg6 9. Nxg6 hxg6 10. c3 e6 11. Be3 Bd6 12. f4 Qc7 13. Qd2 Nd7 14. c4 c5 15. d5 e5 16. g3 exf4 17. gxf4 0-0-0 18. 0-0-0 Rde8 19. Kb1 f5 20. h3 Nf6 21. Bd3 Ne4 22. Qc1 Ng3 23. Rh2 Nh5 24. Rf1 Re7 25. Rf3 Rhe8 26. Rhf2 Kb8 27. Bd2 Nf6 28. Rf1 Ne4 29. Be1 Rd7 30. Qc2 Be7 31. Bh4 f6 32. Qg2 1-0